На межі мистецтв: література та живопис (на матеріалі романа Оскара Уайльда "Портрет Доріана Грея".) (Запис № 281856)
[ простий вигляд ]
| 000 -LEADER | |
|---|---|
| fixed length control field | 01826nam a22001577a 4500 |
| 041 ## - LANGUAGE CODE | |
| Language code of text/sound track or separate title | ukr |
| 080 ## - UNIVERSAL DECIMAL CLASSIFICATION NUMBER | |
| Universal Decimal Classification number | 09 |
| 090 ## - LOCALLY ASSIGNED LC-TYPE CALL NUMBER (OCLC); LOCAL CALL NUMBER (OCLC) | |
| Local cutter number (OCLC) ; Book number/undivided call number, CALL (RLIN) | НЕЧ |
| 100 ## - MAIN ENTRY--PERSONAL NAME | |
| Personal name | Нечитайло Ю. Ю. |
| 245 ## - TITLE STATEMENT | |
| Title | На межі мистецтв: література та живопис (на матеріалі романа Оскара Уайльда "Портрет Доріана Грея".) |
| 260 ## - PUBLICATION, DISTRIBUTION, ETC. (IMPRINT) | |
| Place of publication, distribution, etc | Острог |
| Name of publisher, distributor, etc | КАФ |
| Date of publication, distribution, etc | 2003 |
| 300 ## - PHYSICAL DESCRIPTION | |
| Extent | 53 |
| 520 ## - SUMMARY, ETC. | |
| Summary, etc | Розділ 1.Порівняльний аналіз портрету в літературі та живописі.<br/>1.1.Історія та стилістика портрету малярського.<br/>1.2.Стилістичні особливості портрету літературного.<br/>1.3.Засоби творення портрету в мистецтві.<br/>Розділ 2. О.Уайльд, мистецькі ідеї та мистецькі проблеми в його романі "Портрет Доріана Грея".<br/>2.1.Естетизм О.Уайльда як філософія життя та філософія мистецтва.<br/>2.2.Поєднання літературного та живописного портрету в романі Оскара Уайльда "Портрет Доріана Грея".<br/>Розділ 3. Підхід О.Уайльда до творення портрету у романі: прийоми та засоби.<br/>3.1. Імя як складова портрету персонажу.<br/>3.2. Роман як автопортрет О.Уайльда, триєдність цього портрету.<br/>3.3. Мовні та мовленнєві засоби творення портрету у романі. |
| -- | портрет, мовленнєві засоби, естетизм |
| 650 ## - SUBJECT ADDED ENTRY--TOPICAL TERM | |
| Topical term or geographic name as entry element | Research Papers |
| 942 ## - ADDED ENTRY ELEMENTS (KOHA) | |
| Koha item type | Книги |
| Withdrawn status | Lost status | Source of classification or shelving scheme | Damaged status | Not for loan | Home library | Current library | Date acquired | Source of acquisition | Coded location qualifier | Cost, normal purchase price | Total Checkouts | Full call number | Barcode | Date last seen | Price effective from | Koha item type |
|---|---|---|---|---|---|---|---|---|---|---|---|---|---|---|---|---|
| Universal Decimal Classification | ВІЛ - Відділ іноземн. літератури НБ | ВІЛ - Відділ іноземн. літератури НБ | 08/08/2005 | Акт 03\01 | B21 | 1.00 | 09 | 208786 | 20/12/2021 | 01/09/2003 | Книги |